| 000 | 01545cpcaa2200361 4500 | ||
|---|---|---|---|
| 001 | mm 79010900 | ||
| 003 | DLC | ||
| 005 | 20260227111654.0 | ||
| 008 | 790726|||||||||||| eng | ||
| 010 |
_amm 79010900 _bms 66001383 |
||
| 040 |
_aDLC _cDLC _dDLC _edacs |
||
| 072 | 7 |
_aW _2lcmd |
|
| 245 | 0 | 0 |
_aAnderson family papers, _f1854-1931. |
| 300 |
_a150 _fitems. |
||
| 300 |
_a1 _fcontainer. |
||
| 506 | 0 | _aOpen to research. | |
| 520 | 8 | _aCorrespondence (1854-1895) of the Anderson and Moler (Mohler) families of Anderson County, Kan., and Ohio, relating to farming and to family matters; correspondence (1915-1931) of Cora W. (Anderson) Du Laney and Homer Eiler concerning the genealogy of the Anderson, Bealmear, Duckett, Moler (Mohler), and other related families of Maryland, Pennsylvania, and Virginia. | |
| 546 | _aCollection material in English. | ||
| 600 | 3 | 0 | _aAnderson family. |
| 600 | 3 | 0 | _aBealmear family. |
| 600 | 3 | 0 | _aDuckett family. |
| 600 | 3 | 0 | _aMohler family. |
| 650 | 0 |
_aAgriculture _zKansas _zAnderson County. |
|
| 650 | 0 |
_aAgriculture _zOhio. |
|
| 651 | 0 |
_aAnderson County (Kan.) _xSocial life and customs. |
|
| 651 | 0 |
_aMaryland _vGenealogy. |
|
| 651 | 0 |
_aPennsylvania _vGenealogy. |
|
| 651 | 0 |
_aVirginia _vGenealogy. |
|
| 700 | 1 |
_aDulaney, Cora W. _tCora W. Dulaney papers. |
|
| 700 | 1 |
_aEiler, Homer. _tHomer Eiler papers. |
|
| 999 |
_c42115 _d42115 |
||